[Event "SR 4. liga A21 2017/2018"]
[Site "?"]
[Date "2017.10.01"]
[Round "1.4"]
[White "Dest, Stanislav"]
[Black "Fajtakova, Silvia"]
[Result "1-0"]
[WhiteElo "1419"]
[BlackElo "1229"]
[PlyCount "145"]
[EventDate "2017.??.??"]

1. d4 d5 2. c4 e6 3. Nc3 Nf6 4. Bg5 h6 5. Bh4 g5 6. Bg3 c5 7. e3 Nc6 8. Nf3 Ne4
9. Nxe4 dxe4 10. Nd2 cxd4 11. Nxe4 dxe3 12. Qxd8+ Kxd8 13. Rd1+ Ke8 14. fxe3
Bb4+ 15. Kf2 a6 16. Be2 f5 17. Bh5+ Ke7 18. Nd6 Rd8 19. Nf7 Rd7 20. a3 Bc5 21.
Ke2 a5 22. h3 b6 23. Ne5 Nxe5 24. Bxe5 Bd6 25. Bf3 Raa7 26. Bd4 Ba6 27. Rc1 Bc5
28. Rhd1 Bxd4 29. exd4 Rd6 30. Kf2 Rad7 31. d5 exd5 32. Bxd5 Bxc4 33. Re1+ Kf6
34. Bxc4 Rc7 35. Be2 Re7 36. Bf3 Rf7 37. Rc6 Rxc6 38. Bxc6 Rc7 39. Ba4 Rc4 40.
Bb3 Rc6 41. Re2 b5 42. Rc2 Rd6 43. Ba2 b4 44. axb4 axb4 45. Bc4 Rc6 46. b3 h5
47. Rd2 g4 48. h4 f4 49. Rd5 Kg6 50. Rd4 Kf5 51. Rd5+ Kg6 52. Rg5+ Kh6 53. Rf5
Rd6 54. Rxf4 Rd2+ 55. Kg3 Rd6 56. Rf5 Rb6 57. Re5 Kg6 58. Rg5+ Kh6 59. Kf4 Rf6+
60. Rf5 Rd6 61. Rd5 Rf6+ 62. Ke5 Rf2 63. Rd6+ Kg7 64. Bd5 Re2+ 65. Kd4 Rf2 66.
Kc5 Rf4 67. Rb6 Rf5 68. Rxb4 g3 69. Re4 Rf6 70. Re7+ Kh8 71. Re5 Rh6 72. Rg5
Rh7 73. Rg8# 1-0

[Event "SR 4. liga A21 2017/2018"]
[Site "?"]
[Date "2017.10.01"]
[Round "1.4"]
[White "Novomeska, Karin"]
[Black "Svarc, Vaclav"]
[Result "1-0"]
[WhiteElo "1090"]
[BlackElo "1184"]
[PlyCount "45"]
[EventDate "2017.??.??"]

1. d4 d5 2. c4 e5 3. dxe5 Be6 4. cxd5 Bxd5 5. Nc3 Bc4 6. Qa4+ Nc6 7. Qxc4 Nxe5
8. Qe4 Bd6 9. Nf3 Nf6 10. Qe3 O-O 11. Nxe5 Re8 12. Qd4 Bxe5 13. Qxd8 Raxd8 14.
Bg5 c5 15. e3 a6 16. a4 Rb8 17. Rb1 b5 18. axb5 axb5 19. Bxb5 Bxc3+ 20. bxc3
Ne4 21. Bf4 Nxc3 22. Bxb8 Nxb1 23. Bxe8 1-0

[Event "SR 4. liga A21 2017/2018"]
[Site "?"]
[Date "2017.10.01"]
[Round "1.5"]
[White "Moravec, Milan"]
[Black "Kozinka, Roman"]
[Result "0-1"]
[WhiteElo "1672"]
[BlackElo "2000"]
[PlyCount "68"]
[EventDate "2017.??.??"]

1. d4 Nf6 2. c4 e6 3. Nc3 Bb4 4. e3 O-O 5. Bd3 c5 6. Nf3 d5 7. O-O cxd4 8. exd4
dxc4 9. Bxc4 h6 10. Ne5 Nbd7 11. Qb3 Bd6 12. Nxf7 Rxf7 13. Bxe6 Qe7 14. Bxf7+
Qxf7 15. Qxf7+ Kxf7 16. Be3 a6 17. Rac1 Nf8 18. Na4 Be6 19. a3 Re8 20. Nc5 Bd5
21. Rfe1 Ng6 22. Bd2 Rxe1+ 23. Rxe1 Nh4 24. f3 Bxf3 25. gxf3 Bxc5 26. dxc5
Nxf3+ 27. Kg2 Nxd2 28. Rc1 Nb3 29. Rc3 Nd4 30. Rc4 Nc6 31. b4 Nd5 32. Kf2 Kf6
33. Kg3 Kf5 34. Rg4 g5 {biely prekrocil cas} 0-1

[Event "SR 4. liga A21 2017/2018"]
[Site "?"]
[Date "2017.10.01"]
[Round "1.5"]
[White "Gajarsky, Julius"]
[Black "Cerovsky, Marian"]
[Result "1-0"]
[WhiteElo "1730"]
[BlackElo "1796"]
[PlyCount "101"]
[EventDate "2017.??.??"]

1. d4 d5 2. c4 Nf6 3. Nc3 c6 4. e3 b6 5. cxd5 Nxd5 6. Nf3 Bg4 7. Be2 e6 8. O-O
Be7 9. Bd2 O-O 10. Rc1 c5 11. h3 Bh5 12. a3 Nd7 13. dxc5 Nxc5 14. b4 Nxc3 15.
Bxc3 Ne4 16. Bd4 a5 17. Qb3 Rb8 18. g4 Bg6 19. Ne5 Nd2 20. Qb2 Nxf1 21. Nc6 Qd7
22. Nxb8 Rxb8 23. Bxf1 axb4 24. axb4 f6 25. b5 e5 26. Bc4+ Kh8 27. Bc3 Qb7 28.
Bf1 Be4 29. Bb4 Bxb4 30. Qxb4 Rd8 31. Rd1 Qb8 32. Rxd8+ Qxd8 33. Qxe4 h6 34.
Bd3 Qg8 35. Qc6 Qd8 36. Be4 Qd1+ 37. Kg2 Qd8 38. Qa8 Qxa8 39. Bxa8 Kg8 40. Kf3
Kf7 41. Ke4 Ke6 42. Bd5+ Kd6 43. Bf7 Ke7 44. Kd5 Kxf7 45. Kc6 Ke6 46. Kxb6 f5
47. gxf5+ Kxf5 48. f3 g5 49. Kc5 e4 50. fxe4+ Kxe4 51. b6 1-0

[Event "SR 4. liga A21 2017/2018"]
[Site "?"]
[Date "2017.10.01"]
[Round "1.5"]
[White "Longauer, Jan"]
[Black "Damborsky, Pavol"]
[Result "1-0"]
[WhiteElo "1546"]
[BlackElo "1647"]
[PlyCount "73"]
[EventDate "2017.??.??"]

1. e4 e5 2. Nf3 d6 3. d4 exd4 4. Nxd4 Nf6 5. Nc3 Be7 6. Be2 h6 7. O-O O-O 8.
Be3 c5 9. Nb3 Nc6 10. f4 a6 11. a4 Qc7 12. Nd5 Nxd5 13. exd5 Na5 14. Nxa5 Qxa5
15. Bd3 f5 16. c3 Qc7 17. Qc2 Bd7 18. Rfe1 Rae8 19. Bf2 Qc8 20. Re3 Bf6 21.
Rae1 Rxe3 22. Rxe3 g6 23. g4 Bg7 24. Bg3 c4 25. Bf1 Qc5 26. Bf2 Qxd5 27. Bg2
Qa5 28. Re7 Bxa4 29. Qe2 Qd8 30. Qe6+ Kh8 31. Rxb7 fxg4 32. Qxc4 Bb5 33. Qe4
Qe8 34. Re7 Qd8 35. Bd4 Kg8 36. Qb7 Bc4 37. Rxg7+ 1-0

[Event "SR 4. liga A21 2017/2018"]
[Site "?"]
[Date "2017.10.01"]
[Round "1.5"]
[White "Pisecky, Jan"]
[Black "Jakubec, Jakub"]
[Result "1-0"]
[WhiteElo "1335"]
[BlackElo "1000"]
[PlyCount "65"]
[EventDate "2017.??.??"]

1. e4 e5 2. Bc4 Nf6 3. Nf3 Nc6 4. Nc3 Bc5 5. h3 d6 6. d3 Be6 7. Bxe6 fxe6 8.
Na4 Bb4+ 9. c3 Ba5 10. Qb3 Qc8 11. Ng5 Nd4 12. Qd1 h6 13. b4 Bxb4 14. cxb4 hxg5
15. Bxg5 Qd7 16. Nc3 O-O-O 17. a4 Rdf8 18. Be3 Qf7 19. Nb5 Kb8 20. Rc1 Nxb5 21.
axb5 d5 22. Bc5 Rd8 23. Qa4 b6 24. Be3 Nd7 25. Qa6 Rhf8 26. Ra1 Nf6 27. Qxa7+
Kc8 28. Qa8+ Kd7 29. Qc6+ Ke7 30. Ra7 Nd7 31. Rxc7 d4 32. Bg5+ Ke8 33. f3 1-0

[Event "SR 4. liga A21 2017/2018"]
[Site "?"]
[Date "2017.10.01"]
[Round "1.6"]
[White "Husek, Lubomir"]
[Black "Slaba, Andrea"]
[Result "1-0"]
[WhiteElo "1833"]
[BlackElo "1836"]
[PlyCount "129"]
[EventDate "2017.??.??"]

1. d4 Nf6 2. c4 g6 3. Nf3 Bg7 4. Nc3 d5 5. e3 O-O 6. Bd3 c6 7. O-O dxc4 8. Bxc4
b5 9. Bd3 Bb7 10. Qe2 Nbd7 11. e4 b4 12. Na4 Qa5 13. Bc2 Ba6 14. Qe1 Bxf1 15.
Qxf1 c5 16. e5 Nd5 17. e6 fxe6 18. dxc5 Nxc5 19. Nxc5 Qxc5 20. Bb3 Qd6 21. Qe2
a5 22. Bg5 Rf7 23. Re1 a4 24. Bc4 Rc8 25. b3 axb3 26. Bxb3 Rc6 27. Bd2 h6 28.
Qe4 Rf5 29. Qg4 Kh7 30. Nh4 Rf6 31. Qe4 Qc5 32. Nf3 Nc3 33. Qg4 Rd6 34. Be3 Qa5
35. Qc4 Qb5 36. Qh4 Nd5 37. Ng5+ Kg8 38. Ne4 Nxe3 39. Nxd6 exd6 40. Rxe3 d5 41.
Qg3 Qc5 42. Re1 Rxf2 43. Kh1 Qf8 44. Rg1 Kh7 45. Qd3 Qf6 46. Qb5 Rf4 47. Qd3
Qd4 48. Qb5 Qe4 49. Qd7 Qf5 50. Qb5 Qe4 51. Qd7 Rh4 52. Qc7 Qe5 53. Qxe5 Bxe5
54. g3 Re4 55. Kg2 Bd4 56. Rf1 Re2+ 57. Kh3 Bg7 58. Rf7 d4 59. Rb7 d3 60. Rxb4
d2 61. Rb7 e5 62. Rd7 e4 63. Rd8 e3 64. Bg8+ Kh8 65. Bc4+ 1-0

[Event "SR 4. liga A21 2017/2018"]
[Site "?"]
[Date "2017.10.01"]
[Round "1.6"]
[White "Slaby, Jozef"]
[Black "Zlamal, Marek"]
[Result "1/2-1/2"]
[WhiteElo "1736"]
[BlackElo "1816"]
[PlyCount "113"]
[EventDate "2017.??.??"]

1. d4 d5 2. c4 e6 3. Nf3 Nf6 4. g3 c6 5. Nbd2 Be7 6. Bg2 O-O 7. O-O Nbd7 8. b3
a5 9. a4 b6 10. Bb2 Bb7 11. Rc1 Rc8 12. Re1 Bb4 13. e3 Ne4 14. Re2 Ndf6 15.
Nxe4 Nxe4 16. Ne1 Qe7 17. Nd3 Ba3 18. Bxa3 Qxa3 19. f3 dxc4 20. Rxc4 Nf6 21.
Rc1 Ba6 22. Ra1 Qd6 23. Rd2 Nd5 24. Kf2 Rfd8 25. Ne5 f6 26. Nc4 Qb4 27. Qc2 Kh8
28. e4 Ne7 29. Rad1 b5 30. Ne3 Rd6 31. Qc5 Rcd8 32. Qxb4 axb4 33. Nc2 c5 34.
Bf1 bxa4 35. Bxa6 axb3 36. Nxb4 cxb4 37. Bc4 b2 38. Rxb2 Rxd4 39. Rxd4 Rxd4 40.
Rxb4 Nc6 41. Ra4 h5 42. Ra8+ Kh7 43. Bxe6 Rd2+ 44. Ke3 Rxh2 45. Rc8 Ne5 46.
Bf5+ g6 47. Be6 Rg2 48. f4 Rxg3+ 49. Ke2 Nd3 50. f5 Nf4+ 51. Kf2 Rg2+ 52. Kf3
g5 53. Ke3 Rb2 54. Rf8 Nxe6 55. fxe6 Rb7 56. Rxf6 Re7 57. e5 1/2-1/2

[Event "SR 4. liga A21 2017/2018"]
[Site "?"]
[Date "2017.10.01"]
[Round "1.6"]
[White "Hrubos, Milan"]
[Black "Vagovic, Milan"]
[Result "0-1"]
[WhiteElo "1787"]
[BlackElo "1651"]
[PlyCount "70"]
[EventDate "2017.??.??"]

1. e4 c5 2. Nf3 d6 3. d4 cxd4 4. c3 Nc6 5. cxd4 Nf6 6. Nc3 a6 7. h3 e6 8. Be3
Be7 9. Rc1 Bd7 10. Bd3 Rc8 11. O-O O-O 12. a3 Re8 13. b4 b5 14. Bb1 Rf8 15. Qd3
e5 16. d5 Nb8 17. Nd2 Nh5 18. g4 Nf4 19. Bxf4 exf4 20. e5 g6 21. exd6 Bxd6 22.
Nce4 Be5 23. Nc5 Qb6 24. Rfe1 Rfe8 25. Nde4 Qd8 26. Qf3 f5 27. gxf5 Bxf5 28.
Ba2 Kh8 29. Kh1 Qh4 30. Rg1 Qe7 31. Ng5 Qf6 32. Nge6 Bd6 33. Nxf4 Qe5 34. Nce6
Rxc1 35. Rxc1 Bxe6 0-1

[Event "SR 4. liga A21 2017/2018"]
[Site "?"]
[Date "2017.10.01"]
[Round "1.6"]
[White "Piestansky, Jan"]
[Black "Vach, Jozef"]
[Result "1/2-1/2"]
[WhiteElo "1651"]
[BlackElo "1672"]
[PlyCount "110"]
[EventDate "2017.??.??"]

1. e4 e5 2. Nf3 Nc6 3. Bc4 d6 4. h3 Be7 5. c3 Nf6 6. d3 h6 7. Bb3 Na5 8. Bc2 c5
9. O-O Nc6 10. Nh2 O-O 11. f4 Qb6 12. f5 Nh7 13. Kh1 Bg5 14. Nd2 Qc7 15. Ndf3
Bxc1 16. Rxc1 b5 17. Bb3 Rb8 18. Qe2 Nf6 19. Nh4 a5 20. Ng4 Nxg4 21. Qxg4 a4
22. Bd5 Ne7 23. Qg3 Nxd5 24. exd5 f6 25. Ng6 Re8 26. Rce1 Qf7 27. Qf3 Ba6 28.
Rf2 Bb7 29. c4 bxc4 30. dxc4 Ba6 31. b3 Rb4 32. Re3 axb3 33. axb3 Reb8 34. Ra2
Bc8 35. Kh2 Qb7 36. Ra3 Qf7 37. g4 Bb7 38. Qd1 Ra8 39. Qa1 Qe8 40. Rxa8 Bxa8
41. Qa6 Qd8 42. Kg3 Bb7 43. Qa7 Kf7 44. Qa2 Qa8 45. Qxa8 Bxa8 46. Nh8+ Kf8 47.
Kh4 Bb7 48. Kg3 Ba6 49. Ng6+ Ke8 50. Nf4 Kf7 51. Ne6 Bc8 52. Kf3 Bxe6 53. dxe6+
Ke7 54. Ke4 Rb6 55. Kd5 Ra6 1/2-1/2

[Event "SR 4. liga A21 2017/2018"]
[Site "?"]
[Date "2017.10.01"]
[Round "1.6"]
[White "Stasek, Daniel"]
[Black "Kuracina, Lubomir"]
[Result "1/2-1/2"]
[WhiteElo "1614"]
[BlackElo "1525"]
[PlyCount "107"]
[EventDate "2017.??.??"]

1. e4 e5 2. Nf3 d6 3. d4 exd4 4. Nxd4 a6 5. a4 c5 6. Nf3 Nc6 7. Nc3 Be7 8. Nd5
Be6 9. Nxe7 Ngxe7 10. Ng5 O-O 11. Nxe6 fxe6 12. Bc4 d5 13. exd5 exd5 14. Ba2
Qd6 15. O-O h6 16. c3 Rad8 17. Qc2 Rf6 18. f3 b5 19. axb5 axb5 20. Be3 c4 21.
Rad1 Nf5 22. Bf2 Ne5 23. b3 Qc6 24. bxc4 bxc4 25. Qe2 Re8 26. Rfe1 Rfe6 27. Qd2
Nd3 28. Rxe6 Rxe6 29. Bb1 Nxf2 30. Bxf5 Nxd1 31. Bxe6+ Qxe6 32. Qxd1 Kf7 33.
Kf2 Qe5 34. Qd2 g5 35. g3 h5 36. Qe3 Kf6 37. Qxe5+ Kxe5 38. Ke3 h4 39. gxh4
gxh4 40. h3 Kf5 41. f4 Kf6 42. Kd4 Kf5 43. Kxd5 Kxf4 44. Kxc4 Kg3 45. Kd4 Kxh3
46. c4 Kg3 47. c5 h3 48. c6 h2 49. c7 h1=Q 50. c8=Q Qd1+ 51. Ke5 Qe2+ 52. Kf6
Qf3+ 53. Qf5 Qc6+ 54. Qe6 1/2-1/2

[Event "SR 4. liga A21 2017/2018"]
[Site "?"]
[Date "2017.10.15"]
[Round "2.1"]
[White "Vepy, Ivan"]
[Black "Slaba, Andrea"]
[Result "0-1"]
[WhiteElo "1865"]
[BlackElo "1836"]
[PlyCount "46"]
[EventDate "2017.??.??"]

1. e4 e6 2. Nf3 d5 3. exd5 exd5 4. d4 Bd6 5. Bd3 Nc6 6. O-O Be6 7. Re1 Qd7 8.
c4 O-O-O 9. c5 Be7 10. Bb5 Bf6 11. Qa4 Nge7 12. Nbd2 Bg4 13. b4 Kb8 14. Re3 Nf5
15. Ra3 Nfxd4 16. Nxd4 Bxd4 17. Nb3 Qe6 18. Nxd4 Qe1+ 19. Bf1 Nxd4 20. Bb2 Ne2+
21. Kh1 Qxf2 22. Qxa7+ Kc8 23. Be5 Qg1# 0-1

[Event "SR 4. liga A21 2017/2018"]
[Site "?"]
[Date "2017.10.15"]
[Round "2.1"]
[White "Slaby, Jozef"]
[Black "Planka, Peter"]
[Result "0-1"]
[WhiteElo "1736"]
[BlackElo "1807"]
[PlyCount "118"]
[EventDate "2017.??.??"]

1. d4 Nf6 2. c4 e6 3. Nf3 b6 4. Nc3 Be7 5. e4 d6 6. Bd3 Bb7 7. O-O O-O 8. Qc2
h6 9. b3 Nbd7 10. Bb2 e5 11. Nd5 exd4 12. Nxd4 Nc5 13. Nf5 Bxd5 14. exd5 Nxd3
15. Qxd3 Nh5 16. Nxe7+ Qxe7 17. Rae1 Qd7 18. Re3 Rae8 19. Rfe1 Rxe3 20. Qxe3
Kh7 21. h3 Qd8 22. Qe7 Qc8 23. g4 Nf4 24. Qe4+ Ng6 25. Kh2 Kg8 26. Kg3 Qd8 27.
Qd4 Qh4+ 28. Kh2 Ne5 29. Kg2 f5 30. Qe3 fxg4 31. Bxe5 gxh3+ 32. Kg1 dxe5 33.
Qg3 h2+ 34. Qxh2 Qxh2+ 35. Kxh2 Rxf2+ 36. Kg3 Rf5 37. a4 Kf7 38. Re4 Kf6 39. b4
Rf1 40. c5 Rd1 41. cxb6 cxb6 42. Rc4 Rxd5 43. Rc7 Rd4 44. Rxa7 Rxb4 45. Rb7
Rxa4 46. Rxb6+ Kf5 47. Rb8 Ra6 48. Kf3 h5 49. Rf8+ Rf6 50. Rh8 g6 51. Ke3 Re6
52. Rf8+ Kg4 53. Ke4 Re7 54. Rf1 h4 55. Rg1+ Kh5 56. Rg2 Re8 57. Rg1 g5 58. Kf5
Rf8+ 59. Kxe5 h3 0-1

[Event "SR 4. liga A21 2017/2018"]
[Site "?"]
[Date "2017.10.15"]
[Round "2.1"]
[White "Harasta, Marian"]
[Black "Vagovic, Milan"]
[Result "1/2-1/2"]
[WhiteElo "1583"]
[BlackElo "1651"]
[PlyCount "81"]
[EventDate "2017.??.??"]

1. d4 d5 2. c4 Nf6 3. Qc2 e6 4. Nf3 Nbd7 5. Nc3 g6 6. e3 Bg7 7. a3 a5 8. c5 c6
9. Bd3 O-O 10. O-O b5 11. cxb6 Nxb6 12. Ne5 Bb7 13. Bd2 Nfd7 14. Nxd7 Qxd7 15.
Rfc1 Rfc8 16. f4 Qe7 17. h3 c5 18. dxc5 Rxc5 19. Qb3 Nc8 20. Na4 Rxc1+ 21. Rxc1
Nd6 22. Qb6 Nc8 23. Qc7 Qxc7 24. Rxc7 Ra7 25. Nc5 Nd6 26. Rd7 Bf8 27. Bxa5 Rxa5
28. Nxb7 Ra7 29. Rxd6 Rxb7 30. Rc6 Rxb2 31. Rc3 Ra2 32. g4 Rxa3 33. Rxa3 Bxa3
34. e4 d4 35. Kf2 f6 36. Kf3 e5 37. h4 Kg7 38. f5 Bb4 39. Bc4 Be1 40. h5 gxf5
41. gxf5 1/2-1/2

[Event "SR 4. liga A21 2017/2018"]
[Site "?"]
[Date "2017.10.15"]
[Round "2.1"]
[White "Piestansky, Jan"]
[Black "Danihel, Jozef"]
[Result "1-0"]
[WhiteElo "1651"]
[BlackElo "1522"]
[PlyCount "92"]
[EventDate "2017.??.??"]

1. e4 d5 2. exd5 Nf6 3. d4 Nxd5 4. h3 a6 5. c3 e6 6. Nf3 b5 7. Bd3 Nd7 8. Bd2
Bb7 9. O-O N5f6 10. Bf4 Bd6 11. Bxd6 cxd6 12. Re1 O-O 13. Nbd2 Qe7 14. Nf1 e5
15. dxe5 dxe5 16. Ng3 Rfe8 17. Ne4 Nxe4 18. Bxe4 Bxe4 19. Rxe4 Nf6 20. Re2 Rad8
21. Qe1 Nd7 22. Rd1 f6 23. Red2 e4 24. Nd4 Nc5 25. Qe3 Nd3 26. f3 exf3 27. Qxd3
fxg2 28. Rxg2 Rd5 29. Qg3 Re5 30. Nf3 Qa7+ 31. Nd4 Rg5 32. Qf2 Rxg2+ 33. Qxg2
Qe7 34. Rf1 Qe3+ 35. Kh1 Re5 36. Qf3 Qd2 37. Rf2 Qc1+ 38. Rf1 Qc2 39. Qf2 Qd3
40. Kh2 Re3 41. Qg2 Rg3 42. Qxg3 Qxf1 43. Qf3 Qc1 44. Qd5+ Kf8 45. Qd6+ Kf7 46.
Qe6+ Kg6 1-0

[Event "SR 4. liga A21 2017/2018"]
[Site "?"]
[Date "2017.10.15"]
[Round "2.1"]
[White "Romanova, Ela"]
[Black "Pripko, Bystrik"]
[Result "1-0"]
[WhiteElo "1359"]
[BlackElo "1640"]
[PlyCount "123"]
[EventDate "2017.??.??"]

1. e4 e5 2. Nf3 Nc6 3. Bc4 Bc5 4. Nc3 d6 5. h3 Nf6 6. d3 h6 7. Be3 Bb6 8. O-O
O-O 9. Na4 Bxe3 10. fxe3 a6 11. Nc3 Be6 12. Bb3 Na5 13. Bd5 Qd7 14. Qe2 Nc6 15.
Rad1 Bxd5 16. Nxd5 Nxd5 17. exd5 Ne7 18. e4 Ng6 19. Qd2 f5 20. Nh2 fxe4 21.
dxe4 Qa4 22. Rde1 Rxf1+ 23. Nxf1 Qxa2 24. Qb4 b6 25. Ng3 Qa5 26. Qxa5 bxa5 27.
Ra1 Rb8 28. b3 Rb5 29. Kf1 Ne7 30. Ke1 Kf7 31. Nf1 Kg6 32. Nd2 Kg5 33. g3 h5
34. Kf2 h4 35. Nf3+ Kh5 36. Nxh4 g5 37. Nf3 g4 38. hxg4+ Kxg4 39. Nd2 Ng8 40.
c4 Rb6 41. Rxa5 c5 42. Ra3 Nf6 43. Ra1 Kg5 44. Kf3 Nd7 45. g4 Nb8 46. Rh1 a5
47. Ra1 Ra6 48. Kg3 Nd7 49. Nf3+ Kg6 50. g5 Ra8 51. Kg4 Kg7 52. Nh4 Ra6 53. Kf5
Nf8 54. g6 Ra7 55. Kg5 Kg8 56. Nf5 Rb7 57. Ra3 Ra7 58. Ra1 Rb7 59. Rxa5 Rxb3
60. Ra7 Rb2 61. Nh6+ Kh8 62. g7+ 1-0

[Event "SR 4. liga A21 2017/2018"]
[Site "?"]
[Date "2017.10.15"]
[Round "2.2"]
[White "Gajarsky, Julius"]
[Black "Zlamal, Marek"]
[Result "1/2-1/2"]
[WhiteElo "1730"]
[BlackElo "1816"]
[PlyCount "110"]
[EventDate "2017.??.??"]

1. d4 d5 2. Nf3 Nc6 3. g3 Nf6 4. Bg2 h6 5. O-O Bf5 6. a3 e6 7. Bf4 Bd6 8. Bxd6
cxd6 9. b4 O-O 10. Nbd2 b5 11. c3 Qb6 12. Nh4 Bh7 13. Re1 Rac8 14. e4 dxe4 15.
Nxe4 Nxe4 16. Bxe4 Bxe4 17. Rxe4 Ne7 18. Qd2 Qc6 19. Re3 Nd5 20. Rd3 Nxc3 21.
Nf3 Ne4 22. Qe3 Nf6 23. h3 Qb7 24. Qf4 Qd5 25. Qe3 Rc2 26. Rc3 Rc8 27. Rxc8+
Rxc8 28. Ne1 Ne4 29. Nd3 Rc4 30. a4 Rxd4 31. Nf4 Qc4 32. axb5 Qxb4 33. Rxa7
Rd1+ 34. Kg2 Rd2 35. Nd3 f5 36. b6 Rxd3 37. Ra8+ Kh7 38. Qxd3 Qxb6 39. Ra2 Qc6
40. f3 Nc5 41. Qc3 Qd5 42. Rd2 Qe5 43. Qc2 Kg6 44. g4 Kf6 45. Re2 Qd5 46. Rd2
Qe5 47. gxf5 exf5 48. Qd1 Nb7 49. Re2 Qf4 50. Qa1+ Kg6 51. Qa8 Nc5 52. Kh1 Qc1+
53. Kh2 Qf4+ 54. Kg1 Qc1+ 55. Kh2 Qf4+ 1/2-1/2

[Event "SR 4. liga A21 2017/2018"]
[Site "?"]
[Date "2017.10.15"]
[Round "2.2"]
[White "Vach, Jozef"]
[Black "Kramar, Matus"]
[Result "1-0"]
[WhiteElo "1672"]
[BlackElo "1558"]
[PlyCount "57"]
[EventDate "2017.??.??"]

1. d4 Nf6 2. Nf3 g6 3. g3 Bg7 4. Bg2 O-O 5. O-O d6 6. c4 Nbd7 7. Nc3 Rb8 8. e4
c5 9. d5 Nb6 10. Qb3 Bg4 11. h3 Bxf3 12. Bxf3 Nfd7 13. Be2 Ne5 14. f4 Ned7 15.
Be3 f5 16. exf5 Rxf5 17. Rad1 Rf7 18. Ne4 h6 19. Qc2 Nf6 20. b3 Nbd7 21. Bd3
Nf8 22. Rf2 Qd7 23. Kh2 e6 24. Nxf6+ Rxf6 25. dxe6 Qxe6 26. Be4 Re8 27. Bd5
Qxd5 28. cxd5 Rxe3 29. Re2 1-0

[Event "SR 4. liga A21 2017/2018"]
[Site "?"]
[Date "2017.10.15"]
[Round "2.2"]
[White "Skreko, Igor"]
[Black "Kovarik, Otto"]
[Result "1/2-1/2"]
[WhiteElo "1498"]
[BlackElo "1755"]
[PlyCount "138"]
[EventDate "2017.??.??"]

1. d4 d5 2. c4 e6 3. Nc3 Nf6 4. Nf3 Bb4 5. a3 Bxc3+ 6. bxc3 O-O 7. Bg5 h6 8.
Bh4 Nbd7 9. e3 Re8 10. cxd5 exd5 11. Bd3 c5 12. O-O Qc7 13. Bg3 Qa5 14. Qc2 c4
15. Be2 Ne4 16. Rfc1 Nxg3 17. hxg3 Nf6 18. Ne5 Ne4 19. Bf3 Bf5 20. Bxe4 Bxe4
21. Qb2 Qc7 22. f3 Bh7 23. Qf2 f6 24. Ng4 h5 25. Nh2 g5 26. Re1 Re6 27. f4 g4
28. Qd2 Bd3 29. Ra2 Rae8 30. Raa1 f5 31. a4 Rc6 32. Ra2 Qa5 33. Kf2 Ree6 34.
Rea1 Rb6 35. Qc1 Rb3 36. Ra3 Reb6 37. Rxb3 Rxb3 38. Ra3 Rb1 39. Qd2 Qb6 40. Ra2
Qb3 41. a5 a6 42. e4 dxe4 43. d5 Qb5 44. Qe3 Rb2+ 45. Rxb2 Qxb2+ 46. Kg1 Qxc3
47. Qc5 Qa1+ 48. Nf1 Bxf1 49. Qc8+ Kg7 50. Qd7+ Kg6 51. Qe8+ Kh6 52. Qe6+ Kg7
53. Qe7+ Kg8 54. Qe8+ Kg7 55. Qe7+ Kg6 56. Qg5+ Kf7 57. Qxh5+ Ke7 58. Qg5+ Kd6
59. Qg6+ Kc5 60. Qb6+ Kxd5 61. Qxb7+ Ke6 62. Qxa6+ Kf7 63. Qb7+ Kg6 64. Qc6+
Qf6 65. Qxf6+ Kxf6 66. a6 c3 67. a7 c2 68. a8=Q c1=Q 69. Qd8+ Kf7 1/2-1/2

[Event "SR 4. liga A21 2017/2018"]
[Site "?"]
[Date "2017.10.15"]
[Round "2.2"]
[White "Stasek, Daniel"]
[Black "Longauer, Jan"]
[Result "1-0"]
[WhiteElo "1614"]
[BlackElo "1546"]
[PlyCount "77"]
[EventDate "2017.??.??"]

1. e4 e6 2. d4 d5 3. exd5 exd5 4. Bd3 Nc6 5. c3 Bd6 6. Ne2 Nge7 7. O-O Bf5 8.
Re1 Qd7 9. Bf4 O-O-O 10. b4 Bxd3 11. Qxd3 Ng6 12. Bxd6 Qxd6 13. a4 h5 14. Nd2
h4 15. Nb3 h3 16. g3 Qf6 17. Nc5 Nce7 18. a5 Rh5 19. b5 Rf5 20. f4 Rh5 21. b6
a6 22. bxc7 Kxc7 23. Rab1 Rb8 24. Rb6 Qf5 25. Qxf5 Rxf5 26. g4 Rf6 27. f5 Nh4
28. Kf2 Rxb6 29. axb6+ Kc6 30. Nf4 Ng8 31. Nxh3 f6 32. Kg3 g5 33. Nf2 Rd8 34.
Nfd3 Rc8 35. Nb4+ Kxb6 36. Nxd5+ Kc6 37. c4 Rd8 38. Re6+ Rd6 39. Re8 1-0

[Event "SR 4. liga A21 2017/2018"]
[Site "?"]
[Date "2017.10.15"]
[Round "2.2"]
[White "Jakubec, Jakub"]
[Black "Stehlik, Jan"]
[Result "0-1"]
[WhiteElo "1000"]
[BlackElo "1607"]
[PlyCount "50"]
[EventDate "2017.??.??"]

1. e4 e5 2. f4 exf4 3. Nf3 d6 4. d4 g5 5. Bc4 Nc6 6. h3 Bg7 7. c3 Qe7 8. O-O h5
9. Nh2 Bd7 10. Be2 Nf6 11. Bf3 O-O-O 12. Qe2 Rde8 13. Nd2 Rh7 14. e5 dxe5 15.
Bxc6 Bxc6 16. dxe5 Qxe5 17. Qxe5 Rxe5 18. Nhf3 Re2 19. Rf2 Bxf3 20. Nxf3 Rxf2
21. Kxf2 Ne4+ 22. Ke2 Rh8 23. Bd2 Rd8 24. Be1 f5 25. Bf2 g4 0-1

[Event "SR 4. liga A21 2017/2018"]
[Site "?"]
[Date "2017.10.15"]
[Round "2.3"]
[White "Sadlon, Juraj"]
[Black "Moravec, Milan"]
[Result "1-0"]
[WhiteElo "1878"]
[BlackElo "1672"]
[PlyCount "81"]
[EventDate "2017.??.??"]

1. e4 e6 2. d4 d5 3. exd5 exd5 4. Bd3 Nf6 5. Ne2 Be7 6. O-O O-O 7. c3 c5 8.
dxc5 Bxc5 9. Nd2 Bg4 10. Nb3 Be7 11. f3 Be6 12. Ned4 Bd7 13. Qc2 Bc6 14. Nf5
Nbd7 15. Bg5 Qb6+ 16. Be3 Qd8 17. Rfe1 Re8 18. Nxe7+ Rxe7 19. Bg5 Rxe1+ 20.
Rxe1 Qf8 21. Nd4 Re8 22. Rxe8 Qxe8 23. Nxc6 bxc6 24. Kf2 h6 25. Be3 c5 26. Bb5
Qb8 27. Qa4 Nb6 28. Qf4 Qxf4 29. Bxf4 Nfd7 30. a4 d4 31. c4 f6 32. a5 g5 33.
axb6 gxf4 34. bxa7 Nb6 35. Bc6 Kf7 36. a8=Q Nxa8 37. Bxa8 Ke6 38. Be4 Ke5 39.
Ke2 f5 40. Bd3 Kd6 41. Bxf5 1-0

[Event "SR 4. liga A21 2017/2018"]
[Site "?"]
[Date "2017.10.15"]
[Round "2.3"]
[White "Cerovsky, Marian"]
[Black "Skapik, Branislav"]
[Result "1/2-1/2"]
[WhiteElo "1796"]
[BlackElo "1817"]
[PlyCount "82"]
[EventDate "2017.??.??"]

1. e4 d5 2. exd5 Nf6 3. c4 c6 4. dxc6 Nxc6 5. Nf3 e5 6. h3 e4 7. Nh2 Bc5 8. Be2
Be6 9. O-O Qd4 10. d3 O-O-O 11. Be3 Qxb2 12. Bxc5 Qxa1 13. Qb3 Qe5 14. Be3 Nd4
15. Bxd4 Qxd4 16. Rd1 Qc5 17. Nc3 Rd7 18. Na4 Qg5 19. Kf1 Rhd8 20. Rb1 b6 21.
d4 Qa5 22. d5 Bf5 23. g4 Bg6 24. g5 Ne8 25. Bg4 e3 26. Bxd7+ Rxd7 27. Re1 Re7
28. fxe3 Qd2 29. Nf3 Qd3+ 30. Kg2 Qf5 31. Rf1 Qe4 32. c5 Qc2+ 33. Rf2 Qxb3 34.
axb3 bxc5 35. Re2 Be4 36. Nxc5 Bxd5 37. b4 Nd6 38. Kg3 Ne4+ 39. Nxe4 Rxe4 40.
Nd4 Kd7 41. Re1 a6 1/2-1/2

[Event "SR 4. liga A21 2017/2018"]
[Site "?"]
[Date "2017.10.15"]
[Round "2.3"]
[White "Sadlon, Matus"]
[Black "Dubecky, Ladislav"]
[Result "1-0"]
[WhiteElo "1696"]
[BlackElo "1619"]
[PlyCount "81"]
[EventDate "2017.??.??"]

1. e4 e5 2. Nf3 d6 3. c3 Nf6 4. Qc2 Bg4 5. Be2 Be7 6. d4 exd4 7. cxd4 Bxf3 8.
Bxf3 Nc6 9. Be3 O-O 10. O-O Qd7 11. h3 Rfe8 12. Nd2 Bf8 13. Rac1 Rac8 14. Rfe1
a6 15. Nf1 Nb4 16. Qb3 d5 17. e5 Ne4 18. Bg4 Qb5 19. Be2 Qa5 20. a3 Nc6 21. f3
Nxd4 22. Bxd4 Nd2 23. Nxd2 Qxd2 24. Be3 Qa5 25. f4 Rb8 26. Red1 c6 27. Bb6
Qxb6+ 28. Qxb6 Be7 29. Bg4 Bh4 30. Kh2 Bd8 31. Qb3 g5 32. g3 f6 33. Rxc6 gxf4
34. Qxd5+ Kf8 35. Bh5 fxg3+ 36. Kxg3 Re7 37. Rxf6+ Kg7 38. Kh2 Bc7 39. Rg1+ Kh8
40. Rg5 Rd8 41. Qxd8+ 1-0

[Event "SR 4. liga A21 2017/2018"]
[Site "?"]
[Date "2017.10.15"]
[Round "2.3"]
[White "Damborsky, Pavol"]
[Black "Mysicka, Miroslav"]
[Result "0-1"]
[WhiteElo "1647"]
[BlackElo "1664"]
[PlyCount "130"]
[EventDate "2017.??.??"]

1. e4 c5 2. Bc4 Nc6 3. Nf3 d6 4. Ng5 e6 5. d3 Nf6 6. Nc3 g6 7. Be3 Bg7 8. a3
O-O 9. Ne2 Ng4 10. Qc1 Nxe3 11. Qxe3 Bxb2 12. Ra2 Bg7 13. f4 Na5 14. Bb3 Qb6
15. Nc1 Bd7 16. Nf3 Rac8 17. e5 dxe5 18. Nxe5 Qd6 19. Ne2 Nxb3 20. cxb3 Bxe5
21. fxe5 Qd5 22. O-O Qxb3 23. Nc1 Qd5 24. Raf2 Bb5 25. Rf6 b6 26. Qf4 Rc7 27.
Rf3 Qd4+ 28. Re3 Qxf4 29. Rxf4 Rd8 30. Rff3 c4 31. dxc4 Rxc4 32. Re1 Rcd4 33.
Rfe3 Rd1 34. Kf2 R8d2+ 35. Ne2 Rxe1 36. Kxe1 Rxe2+ 37. Rxe2 Bxe2 38. Kxe2 Kf8
39. Kd3 Ke8 40. Kc4 a6 41. a4 Kd7 42. Kd4 Kc6 43. Kc4 b5+ 44. axb5+ axb5+ 45.
Kd4 b4 46. Kc4 b3 47. Kxb3 Kd5 48. Kc3 Kxe5 49. Kd3 Kf4 50. Ke2 f5 51. Kf2 e5
52. Ke2 h5 53. Kf2 h4 54. Ke2 g5 55. Kf2 g4 56. Ke2 Ke4 57. g3 hxg3 58. hxg3
Kd4 59. Kd2 f4 60. gxf4 exf4 61. Ke2 g3 62. Kf3 Kd3 63. Kg2 Ke2 64. Kg1 f3 65.
Kh1 f2 0-1